| 000 | 005960000a22001930004500 | ||
|---|---|---|---|
| 003 | LK-CoMWRAF | ||
| 005 | 20231102163456.0 | ||
| 008 | 230817t ||||| |||| 00| 0 eng d | ||
| 040 |
_aLK-CoMWRAF _dLK-CoMWRAF _eLK-CoMWRAF |
||
| 041 | _aeng | ||
| 082 |
_a370 _bCAI |
||
| 245 |
_aCairo Brazil 5 years of relevant experiences in health and sexual and reproductive rights : _bNational feminist network for reproductive health and rights .... |
||
| 260 |
_aBrazil : _b _c1999 |
||
| 300 | _a256p | ||
| 650 | _aReproductive Health | ||
| 650 | _aWomen | ||
| 650 | _aWomen & Health | ||
| 942 | _cBK | ||
| 999 |
_c3154 _d3154 |
||